AN INTRODUCTION TO GENETICS ANALYSIS (Record no. 251905)
[ view plain ]
| 000 -LEADER | |
|---|---|
| fixed length control field | 00290nam a22001217a 4500 |
| 020 ## - INTERNATIONAL STANDARD BOOK NUMBER | |
| ISBN | 071673771x |
| 100 ## - MAIN ENTRY--AUTHOR NAME | |
| Personal name | ANTHONY J. F. GRIFFITHS |
| 245 ## - TITLE STATEMENT | |
| Title | AN INTRODUCTION TO GENETICS ANALYSIS |
| 250 ## - EDITION STATEMENT | |
| Edition statement | SEVENTH |
| 260 ## - PUBLICATION, DISTRIBUTION, ETC. (IMPRINT) | |
| Place of publication | NEW YORK |
| Name of publisher | W.H. FREEMAN |
| Year of publication | 1999 |
| 300 ## - PHYSICAL DESCRIPTION | |
| Number of Pages | 860 |
| Other physical details | ILL |
| 942 ## - ADDED ENTRY ELEMENTS (KOHA) | |
| Koha item type | Long Loan Books |
No items available.
